00964 a2200205 4500001000500000005001700005008004100022003001500063040004000078080008700118245009600205020002200301250001200323264004300335300001900378505019300397100002300590700002200613856012300635239920260407155423.0260407a2007 arg spa dAR-UNSa-BCEJYS aAR-UNSa-BCEJYSbspacAR-UNSa-BCEJYS a657.31xPresupuestos. Previsiones. Planes financieros. Estado de flujo de efectivo10aEstado de flujo de efectivopincluye cambios recientes a las Normas Contables Profesionales a987-987-1140-05-3 a3a. ed. 1aBuenos Aires :bOsmar D. Buyattic2007 a182 p.c22 cm. a1. Efectos de la inflación sobre los estados contables -- 2. Estado de recursos financieros -- 3. Estado de flujo de efectivo -- 4. Cuestiones particulares -- 5. Consideracion del cambio1 aPetti, Ana María1 aLonghi, Paula Ana41uhttps://biblioeco.unsa.edu.ar/pmb/images/libros/Estado de Flujo de Efectivo-l116423.jpgyImagen de portadaqimage/jpeg